000
00276nam a22001337a 4500
008
180315b xxu||||| |||| 00| 0 eng d
020
_a
9780130547927
041
_a
eng
080
_a
82
100
_a
21
101
_a
EDU
245
_a
Literature
_c
Hall,P
942
_2
udc
_c
BK
999
_c
45161
_d
45161